01015cam a2200277 a 450000100060000000300080000600500170001400800410003102000280007203500190010004000320011904100080015108200220015910000520018124500720023326000380030530000270034350400510037065000430042165000330046465100490049765100460054694200120059299900170060495201160062140710BD-RjUL20211209053253.0160509s1989 cou b 001 0 eng  a0813376505 (alk. paper) a(BD-RjUL)40825 aDLCcDLCdDLCdBD-RjULbeng aeng00a964219bENC 19891 aEntelis, John P.q(John Pierre),d1941-912525210aCulture and counterculture in Moroccan politics /cJohn P. Entelis. aBoulder :bWestview Press,c1989. aviii, 152 p. ;c22 cm. aIncludes Bibliography: [p. 133-147] and index. 0aPolitics and culturezMorocco.9125254 0aSubculturezMorocco.9125255 0aMoroccoxCivilizationy20th century.9125256 0aMoroccoxPolitics and government.9125257 2ddccBK c40710d40710 00102ddc40708NFICaRUCLbRUCLcStackd1993-07-07l0o964 ENC 1989r2016-05-09 00:00:00tC-2w2021-12-09yBK